Effect of different zinc sources and methods of application on yield and Zn biofortification of rice / (Record no. 18375)

MARC details
000 -LEADER
fixed length control field 01035nam a22002657a 4500
001 - CONTROL NUMBER
control field BD-DhSAU 9278
003 - CONTROL NUMBER IDENTIFIER
control field BD-DhSAU
005 - DATE AND TIME OF LATEST TRANSACTION
control field 20260512110054.0
008 - FIXED-LENGTH DATA ELEMENTS--GENERAL INFORMATION
fixed length control field 260512b2018 bg a|||| m||| 00| 0 eng d
040 ## - CATALOGING SOURCE
Original cataloging agency BD-DhSAU
082 ## - DEWEY DECIMAL CLASSIFICATION NUMBER
Edition number 22
Classification number 631.4
Item number R1835
100 ## - MAIN ENTRY--PERSONAL NAME
Personal name Rasheduzzaman
Relator term Registration # 22010124
245 ## - TITLE STATEMENT
Title Effect of different zinc sources and methods of application on yield<br/>and Zn biofortification of rice /
Remainder of title MS thesis
260 ## - PUBLICATION, DISTRIBUTION, ETC. (IMPRINT)
Place of publication, distribution, etc. Sher-e-Bangla Agricultural University;
Name of publisher, distributor, etc. Department of Soil Science, ;
Date of publication, distribution, etc. 2024.
300 ## - PHYSICAL DESCRIPTION
Extent ix, 57p. :
Other physical details ill. ;
Dimensions 30 cm.
500 ## - GENERAL NOTE
General note MS thesis of Department of Soil Science, ;, Faculty of Agriculture. Sher-e-Balgla Agricultural University Dhaka-1207
504 ## - BIBLIOGRAPHY, ETC. NOTE
Bibliography, etc Includes bibliographical reference.
590 ## - Name of Cataloguer
Name of Cataloger Nazmul
650 ## - SUBJECT ADDED ENTRY--TOPICAL TERM
Topical term or geographic name as entry element zinc sources and methods
650 ## - SUBJECT ADDED ENTRY--TOPICAL TERM
Topical term or geographic name as entry element Zn biofortification of rice
700 ## - ADDED ENTRY--PERSONAL NAME
Personal name Prof. Dr. Md. Asaduzzaman Khan
Relator term Superviser
710 ## - ADDED ENTRY--CORPORATE NAME
Relator term Co-Superviser
Corporate name or jurisdiction name as entry element Assist. Prof. Mst. Sharmin Sultana
942 ## - ADDED ENTRY ELEMENTS (KOHA)
Source of classification or shelving scheme Dewey Decimal Classification
Koha item type MS Level Thesis
Holdings
Withdrawn status Lost status Source of classification or shelving scheme Damaged status Not for loan Collection code Home library Branch Name Date acquired Total Checkouts Full call number Barcode Date last seen Price effective from Koha item type
    Dewey Decimal Classification   Not For Loan Reference SAU Library SAU Library 12/05/2026   631.4 R1835 46269 12/05/2026 12/05/2026 MS Level Thesis